000 00338pam a2200157a 44500
008 230515b2004 xxu||||| |||| 00| 0 eng d
020 _aNULL
041 _aENG
082 _a611
100 _aB D Chaurasia
245 _aHuman Anatomy vol 3
250 _a0
260 _aNULL
_b"C B S, nd, "
_c2004
300 _a415
650 _aNULL
999 _c523539
_d523539